书目信息 |
| 题名: |
大学英语主题阅读
|
|
| 作者: | 蔡志坚 主编 | |
| 分册: | 第4册 | |
| 出版信息: | 武汉 华中科技大学出版社 2004.09 |
|
| 页数: | 141页 | |
| 开本: | 26cm | |
| 丛书名: | ||
| 单 册: | ||
| 中图分类: | H499 | |
| 科图分类: | ||
| 主题词: | 英语--阅读教学--高等学校--教材 | |
| 电子资源: | ||
| ISBN: | 7-5609-3129-4 | |
| 000 | 00917nam0 2200217 450 | |
| 001 | 010563641359 | |
| 005 | 20050713082632.04 | |
| 010 | @a7-5609-3129-4@dCNY14.00 | |
| 100 | @a20050317d2004 km y0chiy0120 ea | |
| 101 | 0 | @achi@aeng |
| 102 | @aCN@b420000 | |
| 105 | @ay z 000yy | |
| 200 | 1 | @a大学英语主题阅读@Ada xue ying yu zhu ti yue du@h第4册@f主编蔡志坚@Fzhu bian cai zhi jian |
| 210 | @a武汉@c华中科技大学出版社@d2004.09 | |
| 215 | @a141页@d26cm | |
| 330 | @a本书是《大学英语主题阅读》系列的第2册,共分12个单元,每一单元针对同一主题 分别安排了3篇课文一一1篇基础课文,1篇快读课文,1篇泛读课文。基础课文和泛读课 文后有注释及难句讲解,快读课文则在文中注释生词含义。泛读课文属于深入阅读课文, 以同行侧排释义的形式,帮助培养学生快速阅读能力。 | |
| 606 | 0 | @a英语@x阅读教学@x高等学校@x教材 |
| 690 | @aH499@v4 | |
| 701 | 0 | @a蔡志坚@Acai zhi jian@4主编 |
| 801 | 0 | @aCN@bQSSK@c20050713 |
| 905 | @a10447@dH499@eC072 | |
| 大学英语主题阅读.第4册/主编蔡志坚.-武汉:华中科技大学出版社,2004.09 |
| 141页;26cm |
| ISBN 7-5609-3129-4:CNY14.00 |
| 本书是《大学英语主题阅读》系列的第2册,共分12个单元,每一单元针对同一主题 分别安排了3篇课文一一1篇基础课文,1篇快读课文,1篇泛读课文。基础课文和泛读课 文后有注释及难句讲解,快读课文则在文中注释生词含义。泛读课文属于深入阅读课文, 以同行侧排释义的形式,帮助培养学生快速阅读能力。 |
| ● |
| 相关链接 |
|
|
|
正题名:大学英语主题阅读
索取号:H499/C072
 
预约/预借
| 序号 | 登录号 | 条形码 | 馆藏地/架位号 | 状态 | 备注 |
| 1 | 524740 | 205247400 | 语言库209/209语言库 135排2列6层/ [索取号:H499/C072] | 在馆 | |
| 2 | 524741 | 205247419 | 语言库209/209语言库 135排2列6层/ [索取号:H499/C072] | 在馆 | |
| 3 | 524742 | 205247428 | 语言库209/209语言库 135排2列6层/ [索取号:H499/C072] | 在馆 |